Guide book to research data for arid zone development /

Na minha lista:
Detalhes bibliográficos
Autor Corporativo: Unesco
Outros Autores: Dickson, B. T. (Bertram Thomas), 1886-
Formato: Livro
Idioma:English
Publicado em: Paris : Unesco, 1957.
Colecção:Arid zone research ; 9
Assuntos:
LEADER 01038nam a2200265 a 4500
001 c000001335
003 CARM
005 00000000000000.0
008 820520s1957 fr ab b i00100 eng d
019 1 |a 2579028  |z 42776106  |z 27705852  |5 LACONCORD2021 
035 |a (OCoLC)3024869  |5 LACONCORD2021 
040 |d SCAE  |d NNCU  |d XNTU 
245 0 0 |a Guide book to research data for arid zone development /  |c edited by B.T. Dickson. 
260 |a Paris :  |b Unesco,  |c 1957. 
300 |a 191 p. :  |b ill., maps ;  |c 27 cm. 
440 |a Arid zone research ;  |v 9 
504 |a Includes bibliographical references and index. 
650 0 |a Arid regions  |x Research. 
700 1 |a Dickson, B. T.  |q (Bertram Thomas),  |d 1886- 
710 2 0 |a Unesco. 
740 0 0 |a Research data for arid zone development. 
852 8 |b CARM  |h A2:AD09D4  |i D00693  |p 0043557  |f BK 
082 0 4 |a 574.52652  |2 20 
999 f f |i 172ba67c-84b3-52a6-ac68-7696727b18d2  |s 741ff635-ca90-58f8-b14f-ec28abff3091 
952 f f |p Can circulate  |a CAVAL  |b CAVAL  |c CAVAL  |d CARM 1 Store  |e D00693  |f A2:AD09D4  |h Other scheme  |i book  |m 0043557